Who moved my cheese? (Record no. 4436)

000 -LEADER
fixed length control field 01520cam a2200373 a 4500
001 - CONTROL NUMBER
control field 12849734
003 - CONTROL NUMBER IDENTIFIER
control field OSt
005 - DATE AND TIME OF LATEST TRANSACTION
control field 20251106154330.0
008 - FIXED-LENGTH DATA ELEMENTS--GENERAL INFORMATION
fixed length control field 020711s2002 nyua j 000 0 eng
010 ## - LIBRARY OF CONGRESS CONTROL NUMBER
LC control number 2002026981
020 ## - INTERNATIONAL STANDARD BOOK NUMBER
International Standard Book Number 0399240071
020 ## - INTERNATIONAL STANDARD BOOK NUMBER
International Standard Book Number 9780399240072
035 ## - SYSTEM CONTROL NUMBER
System control number 12849734
040 ## - CATALOGING SOURCE
Original cataloging agency DLC
Transcribing agency DLC
Modifying agency DLC
042 ## - AUTHENTICATION CODE
Authentication code lcac
050 00 - LIBRARY OF CONGRESS CALL NUMBER
Classification number BF637.J643 1998
082 00 - DEWEY DECIMAL CLASSIFICATION NUMBER
Classification number 155.2/4
Edition number 21
100 1# - MAIN ENTRY--PERSONAL NAME
Personal name Johnson, Spencer.
245 10 - TITLE STATEMENT
Title Who moved my cheese?
Statement of responsibility, etc Spencer Johnson.
260 ## - PUBLICATION, DISTRIBUTION, ETC. (IMPRINT)
Place of publication, distribution, etc New York :
Name of publisher, distributor, etc G.P. Putnam's Sons,
Date of publication, distribution, etc c2002.
300 ## - PHYSICAL DESCRIPTION
Extent 96 p. :
Other physical details ill. ;
Dimensions 22 cm.
520 ## - SUMMARY, ETC.
Summary, etc Presents the author's parable about change framed in a story about a group of high school friends trying to handle change in their lives.
650 #0 - SUBJECT ADDED ENTRY--TOPICAL TERM
Topical term or geographic name as entry element Change (Psychology)
Form subdivision Juvenile literature.
650 #0 - SUBJECT ADDED ENTRY--TOPICAL TERM
Topical term or geographic name as entry element Teenagers
General subdivision Conduct of life
Form subdivision Juvenile literature.
650 #1 - SUBJECT ADDED ENTRY--TOPICAL TERM
Topical term or geographic name as entry element Change.
650 #1 - SUBJECT ADDED ENTRY--TOPICAL TERM
Topical term or geographic name as entry element Conduct of life.
655 #7 - INDEX TERM--GENRE/FORM
Genre/form data or focus term Literature.
Source of term lcgft
856 42 - ELECTRONIC LOCATION AND ACCESS
Materials specified Contributor biographical information
Uniform Resource Identifier <a href="http://www.loc.gov/catdir/enhancements/fy0717/2002026981-b.html">http://www.loc.gov/catdir/enhancements/fy0717/2002026981-b.html</a>
856 42 - ELECTRONIC LOCATION AND ACCESS
Materials specified Publisher description
Uniform Resource Identifier <a href="http://www.loc.gov/catdir/enhancements/fy0717/2002026981-d.html">http://www.loc.gov/catdir/enhancements/fy0717/2002026981-d.html</a>
906 ## - LOCAL DATA ELEMENT F, LDF (RLIN)
a 7
b cbc
c orignew
d 1
e ocip
f 20
g y-gencatlg
942 ## - ADDED ENTRY ELEMENTS (KOHA)
Source of classification or shelving scheme
Koha item type Fiction and Non- Fiction novels
Holdings
Withdrawn status Lost status Source of classification or shelving scheme Damaged status Not for loan Home library Current library Shelving location Date acquired Total Checkouts Full call number Barcode Date last seen Price effective from Koha item type
          Riara University Library Riara University Library Leisure Reading 06/11/2025   BF637.J643 1998 10832/25 06/11/2025 06/11/2025 Fiction and Non- Fiction novels

Riara University Library,
P.O. Box 49940-00100,
Nairobi, Kenya.